| 000 | 00907nam a22002657a 4500 | ||
|---|---|---|---|
| 005 | 20140327101444.0 | ||
| 008 | 140327s2011 at adk frb 001 0 eng d | ||
| 020 | _a9780980846904 | ||
| 082 | 0 | 4 |
_222 _a006.74 _bGOL |
| 100 | 1 |
_aGoldstein, Alexis _935788 |
|
| 245 | 1 | 0 |
_aHTML5 & CSS3 for the real world / _cby Alexis Goldstein, Louis Lazaris, Estelle Weyl. |
| 246 | 3 | _aHTML5 and CSS3 for the real world | |
| 250 | _a1st ed. | ||
| 260 |
_aCollingwood, Australia : _bSitepoint, _c2011. |
||
| 300 |
_axxxi, 342 p. : _bcharts, forms, tables ; _c23 cm. |
||
| 500 | _aIndex : p. 329-342. | ||
| 504 | _aIncludes bibliographical references. | ||
| 650 | 0 |
_929999 _aCascading style sheets |
|
| 650 | 0 |
_929620 _aHTML (Document markup language) |
|
| 653 |
_bCOMSCI _cMarch2014 |
||
| 655 |
_vreading book _934232 |
||
| 700 | 1 |
_aLazaris, Louis _935789 |
|
| 700 | 1 |
_aWeyl, Estelle _935790 |
|
| 942 |
_2ddc _k006.74 GOL |
||
| 999 |
_c18177 _d18149 |
||